| 000 | 00554nam a2200205Ia 4500 | ||
|---|---|---|---|
| 003 | OSt | ||
| 005 | 20260202111649.0 | ||
| 008 | 210210b xxu||||| |||| 00| 0 eng d | ||
| 040 | _cAL | ||
| 041 | _aKannada | ||
| 082 | _a853/50 | ||
| 100 |
_aINAMADHAR (D M) _9160571 _dಇನಾಂಧಾರ್ (ಡಿ ಎಂ) |
||
| 245 |
_aPatani pasha nataka: _b ಪಠಾಣಿ ಪಾಶ ನಾಟಕ |
||
| 260 |
_aBagalakote _b- |
||
| 650 |
_aPaTANi _9160572 |
||
| 650 |
_apAsha _9160573 |
||
| 690 |
_aKannada Drama _9160574 |
||
| 906 | _a019322 | ||
| 942 |
_2ddc _cBK |
||
| 999 |
_c143443 _d143443 |
||